000 00873nam0a22002651 4500
001 rc\68825
005 20260406133445.0
035 _a(NLR Aleph) 005342161
090 _a6705339
_c6705339
100 _a20021216d1991 |||y0rusy50 ca
101 0 _arus
102 _aRU
105 _ay |||||||||
200 1 _aЗаписки следователя
_fФ. Незнанский
205 _a[Репринт. изд.]
210 _aЛ.
_cМГП "Петрополис"
_d1991
215 _a340, [1] с.
_d20
225 1 _aРусское зарубежье
300 _aВых. дан. ориг.: Нью-Йорк: Посев, 1989
700 1 _8rus
_7ca
_aНезнанский
_bФ. Е.
_f1932-2013
_gФридрих Евсеевич
_3RU\NLR\auth\772052
_9112069
801 0 _aRU
_bNLR
_gpsbo
801 1 _aRU
_bELAR
_2rusmarc
852 _aNLR
_j91-3/8672
942 _cBOOK
980 _aNB